Cars by Country #2 - Statistics

General Stats
  • This quiz has been taken 137 times
    7 since last reset
  • The average score is 11 of 28
Answer Stats
Hint Answer % Correct
Nissan Japan
86%
Land Rover UK
86%
Dodge USA
86%
Renault France
71%
Jeep USA
71%
Bugatti France
57%
Lamborghini Italy
57%
Lexus Japan
57%
Opel Germany
43%
Smart Germany
43%
Maserati Italy
43%
Subaru Japan
43%
Seat Spain
43%
Lotus UK
43%
McLaren UK
43%
Cadillac USA
43%
Lancia Italy
29%
Dacia Romania
29%
UAZ Russia
29%
Daewoo South Korea
29%
Saab Sweden
29%
W Motors UAE
29%
Rimac Croatia
14%
Koenigsegg Sweeden
14%
Mack USA
14%
Zenvo Denmark
0%
DAF Netherland
0%
FSO Poland
0%
No matching quizzes found
Score Distribution
Percent of People with Each Score
Percentile by Number Answered
Your Score History
You have not taken this quiz since the last reset